000 00475nam a22001697a 4500
003 NUST
005 20260417093636.0
008 260417b ||||| |||| 00| 0 eng d
020 _a978-969-9982-00-2
082 _a355.021
_bTUG
100 _aTughral Yamin.
_925589
245 _aThe Evaluation of Nuclear Deterrence in South Asia /
_cTughral Yamin.
260 _aPakistan:
_bThe Army Press,
_c2014.
300 _a272 p ;
_c25.5 cm
563 _aPaperback
942 _2ddc
_cBK
999 _c617146
_d617146